| 000 | 00405nam a22001697a 4500 | ||
|---|---|---|---|
| 003 | SGT | ||
| 020 | _a9789390281404 | ||
| 082 |
_a612.64 _bI21D |
||
| 100 | _aDevi, V. Subhadra | ||
| 245 | _aInderbir Singh's Human Embryology | ||
| 250 | _a12th | ||
| 260 |
_aNew Delhi, India _bJaypee Brothers _c2021 |
||
| 300 | _a420 | ||
| 650 | _aHuman Embryology | ||
| 653 | _aHuman Embryology | ||
| 942 |
_2ddc _cBK _020 |
||
| 999 |
_c22701 _d22701 |
||